| Tag |
First Indicator |
Second Indicator |
Subfields |
| LEADER |
00000cam a2200000 4500 |
| 001 |
in00000038212 |
| 005 |
20151007080910.0 |
| 008 |
760312s1951 en 00000 eng c |
| 010 |
|
|
|a a 53009905
|
| 035 |
|
|
|a (OCoLC)02046554
|
| 035 |
|
|
|9 AAF5561AM
|
| 040 |
|
|
|a Missouri Univ.
|c BPS
|d TXA
|d UtOrBLW
|
| 049 |
|
|
|a TXAM
|c [204057]
|
| 090 |
|
|
|a BX5087
|b .W3
|
| 092 |
|
|
|a 283.42
|b W245h
|
| 100 |
1 |
|
|a Wand, J. W. C.
|q (John William Charles),
|d 1885-1977.
|
| 245 |
1 |
4 |
|a The High Church schism ;
|b four lectures on the Nonjurors.
|
| 264 |
|
1 |
|a London :
|b Faith Press;
|a New York :
|b Morehouse-Gorham Co.,
|c [1951]
|
| 300 |
|
|
|a 88 pages ;
|c 19cm.
|
| 336 |
|
|
|a text
|b txt
|2 rdacontent
|
| 337 |
|
|
|a unmediated
|b n
|2 rdamedia
|
| 338 |
|
|
|a volume
|b nc
|2 rdacarrier
|
| 504 |
|
|
|a Includes bibliography.
|
| 650 |
|
0 |
|a Nonjurors.
|
| 999 |
|
|
|a MARS
|
| 999 |
f |
f |
|s edc870fd-576b-36f8-825a-cb7374b7c2ee
|i fb45bbc9-baba-3a82-9877-577a5d7ddd5a
|t 0
|
| 952 |
f |
f |
|p normal
|a Texas A&M University
|b College Station
|c Sterling C. Evans Library
|d Evans: Library Stacks
|t 0
|e BX5087 .W3
|h Library of Congress classification
|i unmediated -- volume
|m A14800623889
|
| 998 |
f |
f |
|a BX5087 .W3
|t 0
|l Evans: Library Stacks
|